Ligne 1 Métro Paris - Statistiques

Statistiques générales
  • Ce quiz a été pris 1 680 fois
  • Le résultat moyen est 17 sur 25
Statistiques - réponses
Correspondances Station % Correct
T2 ; RER A E ; Tr L U La Défense
93%
M4 M7 M11 M14 , RER A B D Châtelet
88%
RER A Château de Vincennes
83%
M2 M6 M9 ; RER A Nation
81%
M2 M6 ; RER A Charles de Gaulle - Etoile
76%
Louvre - Rivoli
76%
M8 M12 Concorde
75%
M14 ; RER A D ; Tr R Gare de Lyon
75%
M5 M8 Bastille
73%
M11 Hôtel de Ville
71%
Esplanade de La Défense
68%
T3a T3b Porte de Vincennes
67%
M13 Champs-Elysées - Clemenceau
66%
Tuileries
66%
Argentine
65%
T3b RER C E Porte Maillot
65%
Saint-Paul
65%
George V
61%
Les Sablons
61%
Pont de Neuilly
60%
M7 Palais Royal - Musée du Louvre
58%
M9 Franklin D. Roosevelt
56%
M8 Reuilly-Diderot
55%
Saint-Mandé
53%
Bérault
46%
Aucun quiz correspondant
Distribution des résultats
% des personnes avec chaque résultat
Percentile par nombre de réponses
Votre historique - résultats
Vous n’avez pas pris ce quiz